[Event "SWE-chT2 1112"]
[Site "Sweden"]
[Date "2012.03.09"]
[Round "7"]
[White "Collett, Peter"]
[Black "Fries Nielsen, Jens Ove"]
[Result "1-0"]
[WhiteElo "2206"]
[BlackElo "2387"]
[PlyCount "119"]
[EventDate "2011.10.22"]
[EventType "team-tourn"]
[EventRounds "9"]
[EventCountry "SWE"]
[SourceTitle "EXT 2013"]
[Source "ChessBase"]
[SourceDate "2012.11.22"]
[SourceVersion "1"]
[SourceVersionDate "2012.11.22"]
[SourceQuality "1"]
[WhiteTeam "Wasa"]
[BlackTeam "Burgsvik Alva"]
[WhiteTeamCountry "SWE"]
[BlackTeamCountry "SWE"]

1. d4 d5 2. c4 e6 3. Nc3 a6 4. cxd5 exd5 5. Bf4 Ne7 6. e3 Ng6 7. Bg3 h5 8. h3 h4 9. Bh2 Bd6 10. Bxd6 Qxd6 11. Qb3 Ne7 12. Bd3 Nbc6 13. a3 b6 14. Nf3 f6 15. Qc2 Be6 16. b4 g5 17. Qe2 g4 18. Nd2 gxh3 19. gxh3 Nb8 20. Nb3 Kf7 21. Qf3 Nd7 22. Ne2 a5 23. b5 Rag8 24. Qf4 Qxf4 25. Nxf4 Rc8 26. Rc1 Rhg8 27. Ke2 Nb8 28. Nd2 Bd7 29. Nf3 Rh8 30. Rc2 c5 31. bxc6 Bxc6 32. Rb2 Nd7 33. Rg1 Rh6 34. Rg4 Rch8 35. Rb1 Ba4 36. Rc1 Bc6 37. Rcg1 Rg8 38. Rxg8 Nxg8 39. Rg4 Ne7 40. Rxh4 Rxh4 41. Nxh4 b5 42. Nf5 Nxf5 43. Bxf5 Nb6 44. Kd3 b4 45. axb4 axb4 46. h4 Kg7 47. Kc2 Ba4+ 48. Kb1 Bd1 49. Bc2 Bg4 50. Bb3 Bf3 51. Ka2 Nc4 52. Bc2 Nd2 53. Kb2 Kh6 54. Bf5 Bh1 55. Kc2 Nf3 56. h5 Ng5 57. Kb3 Be4 58. Bg4 f5 59. Bd1 Kg7 60. Kxb4 1-0

[Event "SWE-chT2 1112"]
[Site "Sweden"]
[Date "2011.12.03"]
[Round "3"]
[White "Collett, Peter"]
[Black "Ostling, Hakan"]
[Result "0-1"]
[WhiteElo "2206"]
[BlackElo "2159"]
[PlyCount "42"]
[EventDate "2011.10.22"]
[EventType "team-tourn"]
[EventRounds "9"]
[EventCountry "SWE"]
[SourceTitle "EXT 2013"]
[Source "ChessBase"]
[SourceDate "2012.11.22"]
[SourceVersion "1"]
[SourceVersionDate "2012.11.22"]
[SourceQuality "1"]
[WhiteTeam "Wasa"]
[BlackTeam "Rodeby"]
[WhiteTeamCountry "SWE"]
[BlackTeamCountry "SWE"]

1. d4 f5 2. g3 Nf6 3. Bg2 g6 4. Nf3 Bg7 5. 0-0 d6 6. c4 0-0 7. Nc3 Qe8 8. Re1 Qf7 9. b3 Ne4 10. Bb2 Nc6 11. e3 e5 12. dxe5 dxe5 13. Qc2 Nb4 14. Qe2 Nc5 15. Ba3 Nbd3 16. Ng5 Qf6 17. Nge4 fxe4 18. Nxe4 Nxe4 19. Bxf8 Qxf8 20. Qxd3 Qxf2+ 21. Kh1 Qxe1+ 0-1

[Event "SWE-chB"]
[Site "Vasteras"]
[Date "2011.07.19"]
[Round "4"]
[White "Collett, Peter"]
[Black "Johansson, Jan"]
[Result "0-1"]
[WhiteElo "2201"]
[BlackElo "2397"]
[PlyCount "132"]
[EventDate "2011.07.16"]
[EventType "tourn"]
[EventRounds "9"]
[EventCountry "SWE"]
[EventCategory "5"]
[SourceTitle "CBM 143 Extra"]
[Source "ChessBase"]
[SourceDate "2011.08.29"]
[SourceVersion "1"]
[SourceVersionDate "2011.08.29"]
[SourceQuality "1"]

1. d4 g6 2. e4 Bg7 3. Nc3 d6 4. Be3 a6 5. h3 b5 6. Qd2 Bb7 7. Bd3 Nd7 8. a4 b4 9. Nd1 c5 10. c3 bxc3 11. bxc3 Ngf6 12. f3 0-0 13. Ne2 cxd4 14. cxd4 e5 15. d5 Nxd5 16. exd5 e4 17. Rb1 exd3 18. Rxb7 dxe2 19. Kxe2 Nc5 20. Rb4 Qd7 21. Nc3 Rfe8 22. Kf2 Qf5 23. Rd1 Rxe3 24. Qxe3 Qc2+ 25. Qe2 Qxc3 26. Rc4 Qb3 27. a5 Qb5 28. Rcc1 Qxa5 29. Rb1 Qd8 30. Rd2 Be5 31. g3 Qg5 32. Rg1 Rb8 33. h4 Qxd2 34. Qxd2 Rb2 35. Ke3 Rxd2 36. Kxd2 a5 37. g4 Bd4 38. Rb1 Nd7 39. Kd3 Bc5 40. Ra1 Bb4 41. Rc1 Nc5+ 42. Kc4 Kf8 43. Rc2 Ke7 44. Re2+ Kd7 45. h5 Na4 46. hxg6 hxg6 47. f4 Nb6+ 48. Kd4 a4 49. f5 gxf5 50. gxf5 a3 51. f6 Bc5+ 52. Ke4 Nc4 53. Kd3 Ne5+ 54. Kc3 Kc7 55. Re4 Kb6 56. Kb3 Kb5 57. Rf4 Nd7 58. Kc3 Nb6 59. Rf5 Nc4 60. Kb3 Nd2+ 61. Ka2 Kc4 62. Rh5 Ne4 63. Rh7 Nc3+ 64. Ka1 Nxd5 65. Rxf7 Kb3 66. Rb7+ Nb4 0-1

[Event "SWE-chB"]
[Site "Vasteras"]
[Date "2011.07.17"]
[Round "2"]
[White "Collett, Peter"]
[Black "Wiedenkeller, Michael"]
[Result "1/2-1/2"]
[WhiteElo "2201"]
[BlackElo "2452"]
[PlyCount "58"]
[EventDate "2011.07.16"]
[EventType "tourn"]
[EventRounds "9"]
[EventCountry "SWE"]
[EventCategory "5"]
[SourceTitle "CBM 143 Extra"]
[Source "ChessBase"]
[SourceDate "2011.08.29"]
[SourceVersion "1"]
[SourceVersionDate "2011.08.29"]
[SourceQuality "1"]

1. d4 e6 2. c4 f5 3. g3 Nf6 4. Bg2 d5 5. Nf3 c6 6. 0-0 Bd6 7. Qc2 0-0 8. Nc3 Qe8 9. Rb1 b5 10. cxb5 cxb5 11. Ne5 a6 12. Bf4 Bb7 13. Nd3 Bxf4 14. gxf4 Nbd7 15. a4 bxa4 16. Nxa4 Rc8 17. Qb3 Bc6 18. Rbc1 Ne4 19. Rfe1 Bb5 20. Nac5 Ndxc5 21. Nxc5 Qe7 22. Qe3 Nxc5 23. Rxc5 Rxc5 24. dxc5 Qf6 25. b4 Rb8 26. Qd2 Bc4 27. e3 Qe7 28. Bf1 Bxf1 29. Rxf1 Qb7 1/2-1/2

[Event "SWE-chB"]
[Site "Vasteras"]
[Date "2011.07.16"]
[Round "1"]
[White "Andersson, Fredrik1"]
[Black "Collett, Peter"]
[Result "1/2-1/2"]
[WhiteElo "2306"]
[BlackElo "2201"]
[PlyCount "53"]
[EventDate "2011.07.16"]
[EventType "tourn"]
[EventRounds "9"]
[EventCountry "SWE"]
[EventCategory "5"]
[SourceTitle "CBM 143 Extra"]
[Source "ChessBase"]
[SourceDate "2011.08.29"]
[SourceVersion "1"]
[SourceVersionDate "2011.08.29"]
[SourceQuality "1"]

1. e4 e5 2. Nf3 Nc6 3. Bb5 a6 4. Ba4 Nf6 5. 0-0 Be7 6. Re1 b5 7. Bb3 d6 8. c3 0-0 9. h3 Na5 10. Bc2 c5 11. d4 Qc7 12. Nbd2 Bd7 13. Nf1 Nc4 14. b3 Nb6 15. Ng3 g6 16. Bg5 Rfe8 17. d5 c4 18. Qd2 Rec8 19. b4 a5 20. a3 Ra6 21. Nh2 Qd8 22. f4 Ne8 23. Nf3 f6 24. Bh6 axb4 25. axb4 Rxa1 26. Rxa1 Ra8 27. Rxa8 1/2-1/2

[Event "SWE-chT2 1011"]
[Site "Sweden"]
[Date "2010.10.23"]
[Round "1"]
[White "Collett, Peter"]
[Black "Malmstig, Erik"]
[Result "1/2-1/2"]
[WhiteElo "2189"]
[BlackElo "2247"]
[PlyCount "87"]
[EventDate "2010.10.23"]
[EventType "team-tourn"]
[EventRounds "9"]
[EventCountry "SWE"]
[SourceTitle "EXT 2012"]
[Source "ChessBase"]
[SourceDate "2011.11.24"]
[SourceVersion "1"]
[SourceVersionDate "2011.11.24"]
[SourceQuality "1"]
[WhiteTeam "Wasa"]
[BlackTeam "Umea Rockaden"]
[WhiteTeamCountry "SWE"]
[BlackTeamCountry "SWE"]

1. d4 Nf6 2. c4 e6 3. Nc3 Bb4 4. Qc2 d5 5. a3 Bxc3+ 6. Qxc3 Ne4 7. Qc2 c5 8. dxc5 Nc6 9. Nf3 Qa5+ 10. Bd2 Qxc5 11. e3 Nxd2 12. Qxd2 dxc4 13. Qc3 0-0 14. Qxc4 Qb6 15. Qb5 Qc7 16. Bd3 Rd8 17. 0-0 Rd5 18. Qc4 Qb6 19. b4 a5 20. b5 Na7 21. a4 Bd7 22. Rfd1 Qd6 23. Qb3 Be8 24. Be4 Rxd1+ 25. Rxd1 Qb6 26. Ne5 Nc8 27. Qd3 f5 28. Bf3 Ne7 29. Nc4 Qc7 30. Qd4 Rc8 31. Nb6 e5 32. Qd6 Qxd6 33. Rxd6 Rc1+ 34. Rd1 Rxd1+ 35. Bxd1 Bf7 36. Bc2 e4 37. Kf1 Nd5 38. Nxd5 Bxd5 39. h4 Kf7 40. Ke1 Ke6 41. Kd2 Kd6 42. Kc3 Kc5 43. g3 h6 44. Bd1 1/2-1/2

[Event "SWE-chC op"]
[Site "Lund"]
[Date "2010.07.06"]
[Round "4"]
[White "Collett, Peter"]
[Black "Lindh, Fredrik"]
[Result "1/2-1/2"]
[WhiteElo "2152"]
[BlackElo "2168"]
[PlyCount "45"]
[EventDate "2010.07.03"]
[EventType "swiss"]
[EventRounds "9"]
[EventCountry "SWE"]
[SourceTitle "CBM 137 Extra"]
[Source "ChessBase"]
[SourceDate "2010.09.01"]
[SourceVersion "1"]
[SourceVersionDate "2010.09.01"]
[SourceQuality "1"]

1. d4 Nf6 2. c4 g6 3. Nc3 d5 4. cxd5 Nxd5 5. e4 Nxc3 6. bxc3 Bg7 7. Nf3 c5 8. Rb1 0-0 9. Be2 Nc6 10. d5 Ne5 11. Nxe5 Bxe5 12. Qd2 e6 13. f4 Bc7 14. 0-0 exd5 15. exd5 Ba5 16. f5 Bxf5 17. Rxb7 Qd6 18. Rb5 Bc7 19. g3 c4 20. Rxf5 gxf5 21. Ba3 Qxa3 22. Qg5+ Kh8 23. Qf6+ 1/2-1/2

[Event "SWE-chT 0910"]
[Site "Sweden"]
[Date "2009.11.14"]
[Round "4"]
[White "Collett, Peter"]
[Black "Poley, Vladimir"]
[Result "1-0"]
[WhiteElo "2161"]
[BlackElo "2328"]
[PlyCount "116"]
[EventDate "2009.10.16"]
[EventType "team"]
[EventRounds "11"]
[EventCountry "SWE"]
[SourceTitle "EXT 2011"]
[Source "ChessBase"]
[SourceDate "2010.11.26"]
[SourceVersion "1"]
[SourceVersionDate "2010.11.26"]
[SourceQuality "1"]
[WhiteTeam "Wasa"]
[BlackTeam "Viking"]
[WhiteTeamCountry "SWE"]
[BlackTeamCountry "SWE"]

1. d4 b5 2. e4 a6 3. Nf3 Bb7 4. Bd3 d6 5. a4 Nd7 6. 0-0 c6 7. Qe2 e5 8. c3 Ngf6 9. Rd1 Be7 10. b3 0-0 11. Bb2 Qc7 12. Nbd2 Rfe8 13. c4 exd4 14. Bxd4 bxa4 15. bxa4 c5 16. Bb2 Rab8 17. Re1 Bc6 18. Bc3 Ng4 19. Nf1 Rb3 20. Qc2 Rxc3 21. Qxc3 Bf6 22. Qc2 Bxa1 23. Rxa1 Nde5 24. Nxe5 dxe5 25. h3 Nf6 26. Ne3 Rb8 27. Nd5 Qd6 28. a5 Nd7 29. Rb1 Rxb1+ 30. Qxb1 g6 31. h4 h5 32. g3 Kg7 33. Bf1 Nf6 34. Bd3 Nd7 35. Kg2 f5 36. exf5 Nf6 37. fxg6 Nxd5 38. cxd5 Qxd5+ 39. Kf1 c4 40. Bf5 Qh1+ 41. Ke2 Qf3+ 42. Ke1 c3 43. Qd3 Qh1+ 44. Qf1 Qd5 45. Qe2 Bb5 46. Be4 Qd8 47. Qa2 Kh6 48. g7 Kxg7 49. Qd5 Qe7 50. Qb7 Qxb7 51. Bxb7 Bd3 52. f3 Kf6 53. Be4 Bc4 54. Kd1 Bb3+ 55. Kc1 Ba4 56. Bb7 Bb5 57. Kc2 Bf1 58. Kxc3 Ke6 1-0

[Event "SWE-chB"]
[Site "Kungsor"]
[Date "2009.07.07"]
[Round "9"]
[White "Kockum, Anton Frisk"]
[Black "Collett, Peter"]
[Result "1-0"]
[WhiteElo "2255"]
[BlackElo "2195"]
[PlyCount "79"]
[EventDate "2009.06.28"]
[EventType "tourn"]
[EventRounds "13"]
[EventCountry "SWE"]
[SourceTitle "EXT 2024"]
[Source "ChessBase"]
[SourceDate "2023.10.10"]
[SourceVersion "1"]
[SourceVersionDate "2023.10.10"]
[SourceQuality "1"]

1. d4 Nf6 2. Nf3 e6 3. c4 c5 4. d5 exd5 5. cxd5 d6 6. Nc3 g6 7. e4 a6 8. Bf4 Nh5 9. Bg5 Be7 10. Bh6 Bf8 11. Qd2 Bxh6 12. Qxh6 Qf6 13. 0-0-0 Bg4 14. e5 dxe5 15. Ne4 Qf4+ 16. Qxf4 exf4 17. Nxc5 b6 18. Re1+ Kf8 19. Ne5 Bf5 20. Nb3 Kg7 21. Nd4 Bc8 22. Bc4 Bb7 23. d6 Rc8 24. Kb1 Nd7 25. Nxd7 Rxc4 26. Nxb6 Rxd4 27. Nxa8 Rxd6 28. Nc7 Rd2 29. Rhf1 Bxg2 30. Nxa6 Bxf1 31. Rxf1 f3 32. Nc5 g5 33. a4 Nf4 34. a5 Rd5 35. Rc1 Nd3 36. Nxd3 Rxd3 37. Rc3 Rd5 38. a6 Kf8 39. a7 Rd8 40. Rb3 1-0

[Event "SWE-chB"]
[Site "Kungsor"]
[Date "2009.07.02"]
[Round "5"]
[White "Landgren, Andreas"]
[Black "Collett, Peter"]
[Result "1/2-1/2"]
[WhiteElo "2184"]
[BlackElo "2195"]
[PlyCount "65"]
[EventDate "2009.06.28"]
[EventType "tourn"]
[EventRounds "13"]
[EventCountry "SWE"]
[SourceTitle "EXT 2024"]
[Source "ChessBase"]
[SourceDate "2023.10.10"]
[SourceVersion "1"]
[SourceVersionDate "2023.10.10"]
[SourceQuality "1"]

1. d4 Nf6 2. c4 e6 3. Nc3 Bb4 4. f3 d5 5. a3 Bxc3+ 6. bxc3 c5 7. cxd5 Nxd5 8. dxc5 Qa5 9. e4 Ne7 10. Be3 0-0 11. Qb3 Qc7 12. Bb5 Nbc6 13. Ne2 Na5 14. Qa4 b6 15. cxb6 axb6 16. c4 f5 17. 0-0 fxe4 18. fxe4 Rxf1+ 19. Rxf1 Bb7 20. Ng3 Ng6 21. Qb4 Nc6 22. Bxc6 Qxc6 23. Qxb6 Qxb6 24. Bxb6 Rxa3 25. Rd1 Ne5 26. Rd8+ Kf7 27. Bd4 Rd3 28. Rb8 Rxd4 29. Rxb7+ Kg6 30. Rb6 Kf7 31. c5 Rc4 32. Rb7+ Kg6 33. Rb6 1/2-1/2

[Event "SWE-chT2 0809"]
[Site "Sweden"]
[Date "2008.10.26"]
[Round "2"]
[White "Collett, Peter"]
[Black "Laksman, Efraim"]
[Result "0-1"]
[WhiteElo "2248"]
[BlackElo "2219"]
[PlyCount "92"]
[EventDate "2008.10.25"]
[EventType "team-tourn"]
[EventRounds "9"]
[EventCountry "SWE"]
[SourceTitle "EXT 2011"]
[Source "ChessBase"]
[SourceDate "2010.11.26"]
[SourceVersion "1"]
[SourceVersionDate "2010.11.26"]
[SourceQuality "1"]

1. d4 Nf6 2. c4 e6 3. Nc3 Bb4 4. e3 0-0 5. Bd3 d5 6. Nf3 c5 7. 0-0 Nc6 8. a3 Bxc3 9. bxc3 dxc4 10. Bxc4 Qc7 11. Ba2 b6 12. Bb2 e5 13. h3 Ba6 14. Re1 Rad8 15. Qa4 Bb7 16. Rad1 e4 17. Nd2 a6 18. Qc2 b5 19. Nb3 c4 20. Nc5 Nb8 21. a4 Bc6 22. Ra1 Rfe8 23. Ba3 Nbd7 24. Qe2 Nxc5 25. Bxc5 Nd7 26. Bb4 Ra8 27. Bb1 Nf6 28. Qb2 Nd5 29. axb5 axb5 30. Bc2 f5 31. Bc5 Ra5 32. Bb4 Raa8 33. Bc5 Qb7 34. g3 g6 35. h4 h6 36. Reb1 g5 37. hxg5 hxg5 38. Kg2 Rxa1 39. Rxa1 f4 40. Ra7 f3+ 41. Kf1 Qc8 42. Ke1 Qh3 43. Bd1 Qg2 44. Be2 Nxe3 45. d5 Qg1+ 46. Kd2 Qxf2 0-1

[Event "SWE-chT2 0809"]
[Site "Sweden"]
[Date "2008.10.25"]
[Round "1"]
[White "Collett, Peter"]
[Black "Sandbom, Jonas"]
[Result "0-1"]
[WhiteElo "2248"]
[BlackElo "2212"]
[PlyCount "84"]
[EventDate "2008.10.25"]
[EventType "team-tourn"]
[EventRounds "9"]
[EventCountry "SWE"]
[SourceTitle "EXT 2011"]
[Source "ChessBase"]
[SourceDate "2010.11.26"]
[SourceVersion "1"]
[SourceVersionDate "2010.11.26"]
[SourceQuality "1"]

1. d4 Nf6 2. c4 g6 3. Nc3 d5 4. Bf4 Bg7 5. e3 0-0 6. Rc1 c5 7. dxc5 Qa5 8. cxd5 Ne4 9. Nf3 Nxc3 10. Qd2 Qxc5 11. bxc3 Rd8 12. c4 Nc6 13. Be2 Bf5 14. 0-0 Rac8 15. Rfd1 e5 16. Bg5 f6 17. Bh4 g5 18. Bg3 b6 19. h4 h6 20. Qb2 Na5 21. Nd2 Bf8 22. e4 Bd7 23. Rb1 Nb7 24. Nb3 Qb4 25. hxg5 hxg5 26. f3 Nd6 27. Nd2 Qxb2 28. Rxb2 Rc7 29. Bf2 Rdc8 30. Be3 Nb7 31. Nb3 Nd6 32. c5 bxc5 33. Nxc5 Rxc5 34. Bxc5 Rxc5 35. Bd3 Ba4 36. Rdb1 Rc3 37. Rd2 g4 38. Be2 g3 39. Rdb2 Bh6 40. Bf1 Be3+ 41. Kh1 Rc7 42. Rb8+ Be8 0-1

[Event "SWE-chT 0708"]
[Site "Sweden"]
[Date "2008.03.08"]
[Round "10"]
[White "Akesson, Joel"]
[Black "Collett, Peter"]
[Result "1-0"]
[WhiteElo "2351"]
[BlackElo "2262"]
[PlyCount "55"]
[EventDate "2007.10.19"]
[EventType "team-tourn"]
[EventRounds "11"]
[EventCountry "SWE"]
[SourceTitle "EXT 2009"]
[Source "ChessBase"]
[SourceDate "2008.11.26"]
[SourceVersion "1"]
[SourceVersionDate "2008.11.26"]
[SourceQuality "1"]
[WhiteTeam "Manhem"]
[BlackTeam "Wasa"]
[WhiteTeamCountry "SWE"]
[BlackTeamCountry "SWE"]

1. d4 Nf6 2. Bg5 e6 3. e4 h6 4. Bxf6 Qxf6 5. c3 d5 6. e5 Qd8 7. Nf3 c5 8. dxc5 Bxc5 9. Bd3 Nc6 10. 0-0 0-0 11. Nbd2 Bb6 12. Qe2 f5 13. Nb3 Bd7 14. c4 dxc4 15. Bxc4 Qe7 16. Rad1 Rad8 17. Rd2 Bc8 18. Rfd1 Rxd2 19. Rxd2 Rd8 20. h4 Rxd2 21. Qxd2 Nd8 22. Nbd4 Nf7 23. h5 Kh7 24. Qc3 Bd7 25. Bb3 Bxd4 26. Nxd4 Nxe5 27. Nxe6 Qf6 28. Qxe5 1-0

[Event "SWE-chT 0708"]
[Site "Sweden"]
[Date "2008.02.02"]
[Round "7"]
[White "Collett, Peter"]
[Black "Hedman, Erik"]
[Result "1/2-1/2"]
[WhiteElo "2262"]
[BlackElo "2435"]
[PlyCount "101"]
[EventDate "2007.10.19"]
[EventType "team-tourn"]
[EventRounds "11"]
[EventCountry "SWE"]
[SourceTitle "EXT 2009"]
[Source "ChessBase"]
[SourceDate "2008.11.26"]
[SourceVersion "1"]
[SourceVersionDate "2008.11.26"]
[SourceQuality "1"]
[WhiteTeam "Wasa"]
[BlackTeam "Stockholm Rockaden"]
[WhiteTeamCountry "SWE"]
[BlackTeamCountry "SWE"]

1. d4 Nf6 2. c4 e6 3. Nc3 c5 4. d5 exd5 5. cxd5 d6 6. e4 g6 7. f4 Bg7 8. Bb5+ Nfd7 9. a4 Qh4+ 10. g3 Qd8 11. Nf3 0-0 12. 0-0 a6 13. Bd3 Nf6 14. Re1 Bg4 15. Bf1 Nbd7 16. h3 Bxf3 17. Qxf3 Ne8 18. Be3 Rb8 19. Rad1 Qa5 20. Bc1 b5 21. axb5 axb5 22. g4 c4 23. Kh1 b4 24. Ne2 g5 25. Nd4 gxf4 26. Bxf4 Qa2 27. Qe2 c3 28. bxc3 Qxe2 29. Rxe2 bxc3 30. Rc2 Rb2 31. Rxc3 Bxd4 32. Rxd4 Rf2 33. Bb5 Ne5 34. Bg3 Rb2 35. Bc6 f6 36. Ra4 Ng7 37. Ra8 h5 38. Rxf8+ Kxf8 39. Bxe5 fxe5 40. Bd7 Re2 41. Rc4 Ke7 42. Bc8 Kf6 43. h4 hxg4 44. Bxg4 Rf2 45. Rc6 Ke7 46. Rc7+ Kf6 47. Rd7 Rf4 48. Rxd6+ Kf7 49. Rd7+ Kf6 50. Rd6+ Kf7 51. Rd7+ 1/2-1/2

[Event "SWE-chT 0607"]
[Site "Sweden"]
[Date "2007.03.03"]
[Round "8"]
[White "Forsberg, Viktor"]
[Black "Collett, Peter"]
[Result "1/2-1/2"]
[WhiteElo "2257"]
[BlackElo "2219"]
[PlyCount "69"]
[EventDate "2006.10.20"]
[EventType "team-tourn"]
[EventRounds "11"]
[EventCountry "SWE"]
[SourceTitle "EXT 2009"]
[Source "ChessBase"]
[SourceDate "2008.11.26"]
[SourceVersion "1"]
[SourceVersionDate "2008.11.26"]
[SourceQuality "1"]
[WhiteTeam "Umea Rockaden"]
[BlackTeam "Wasa"]
[WhiteTeamCountry "SWE"]
[BlackTeamCountry "SWE"]

1. e4 e5 2. Nf3 Nc6 3. Bb5 a6 4. Ba4 Nf6 5. 0-0 Be7 6. Re1 b5 7. Bb3 0-0 8. h3 d6 9. c3 Na5 10. Bc2 c5 11. d4 Qc7 12. Nbd2 Rd8 13. d5 c4 14. Nf1 Nb7 15. Ng3 Nc5 16. Nh2 Re8 17. Qf3 g6 18. Bh6 Kh8 19. Rf1 a5 20. a3 Rb8 21. Ng4 Nxg4 22. hxg4 Kg8 23. Qe2 Bf8 24. Be3 Bg7 25. f3 Bd7 26. Qd2 Rb7 27. Nh1 Reb8 28. Nf2 b4 29. axb4 axb4 30. g3 bxc3 31. bxc3 Rb2 32. Qc1 R2b7 33. Qd2 Rb2 34. Qc1 R2b7 35. Qd2 1/2-1/2